Loading...
Fine Arts - Visual Fine Arts | 0 | 6 | 0 | 1 | 60 | 54 | 87.00 | 3 | 6 |
Science - Other Science | 0 | 3 | 0 | 0 | 30 | 61 | 86.67 | 0 | 3 |
History - European History | 0 | 3 | 0 | 3 | 30 | 126 | 130.67 | 0 | 3 |
Literature - American Literature | 0 | 3 | 0 | 1 | 30 | 100 | 120.33 | 1 | 3 |
Science - Physics | 0 | 3 | 1 | 1 | 25 | 102 | 116.00 | 0 | 3 |
Literature - European Literature | 0 | 2 | 0 | 0 | 20 | 76 | 107.00 | 1 | 2 |
Science - Biology | 0 | 2 | 0 | 1 | 20 | 86 | 106.50 | 0 | 2 |
Fine Arts - Other Fine Arts | 0 | 2 | 0 | 0 | 20 | 72 | 108.50 | 1 | 2 |
History - American History | 0 | 2 | 1 | 0 | 15 | 61 | 78.50 | 0 | 2 |
Fine Arts - Classical Music | 0 | 1 | 0 | 0 | 10 | 70 | 70.00 | 0 | 1 |
History - Other History | 0 | 1 | 0 | 1 | 10 | 126 | 126.00 | 0 | 1 |
Literature - British Literature | 0 | 1 | 0 | 1 | 10 | 132 | 132.00 | 0 | 1 |
Other Academic | 0 | 1 | 0 | 0 | 10 | 55 | 55.00 | 0 | 1 |
Pop Culture | 0 | 1 | 0 | 0 | 10 | 38 | 38.00 | 1 | 1 |
Religion | 0 | 1 | 0 | 0 | 10 | 96 | 96.00 | 0 | 1 |
Mythology | 0 | 1 | 1 | 0 | 5 | 124 | 124.00 | 0 | 1 |
Geography/Current Events | 0 | 1 | 1 | 0 | 5 | 90 | 90.00 | 1 | 1 |
Social Science | 0 | 1 | 1 | 0 | 5 | 47 | 47.00 | 1 | 1 |